000 00575cam a2200229 4500
001 E2738
008 090401t1981 xxu||||| |||| 00| 0 eng d
035 _a(Sirsi) u40686
041 _aeng
050 _a690
110 _aBuilding Research Establishment
245 _aWaste of building materials
260 _aLondon
_bHMSO
_c1981
300 _a8p. ; 30cm.
350 _a0
490 _aBRE Digest
_v247
650 _aBUILT ENVIRONMENT-BUILDING MATERIALS
650 _aWASTE
690 _aBUILT ENVIRONMENT-BUILDING MATERIALS
942 _n0
948 _c04/03/1997
999 _c90882
_d90882